| 000 | 00912cam a2200265 4500 | ||
|---|---|---|---|
| 001 | M2136 | ||
| 008 | 090401t1996 xxu||||| |||| 00| 0 eng d | ||
| 035 | _a(Sirsi) u36664 | ||
| 041 | _aeng | ||
| 050 | _a692.8 | ||
| 110 |
_aChartered Institute of Building _92134 |
||
| 245 | _aResponding to Latham : the views of the construction team : proceedings of the conference `The Latham Report` organised by the South Bank University and held at the University on 24 October 1995. | ||
| 260 |
_aAscot, Berkshire _bChartered Institute of Building _c1996 |
||
| 300 | _aviii,44p. ; 30cm. | ||
| 350 | _a15 | ||
| 650 | _aBUILT ENVIRONMENT-BUILDING CONTRACT FORMS | ||
| 650 | _aBUILDING INDUSTRY | ||
| 650 | _aLATHAM REFORMS | ||
| 650 | _aLATHAM REFORMS | ||
| 690 | _aBUILT ENVIRONMENT | ||
| 700 |
_aGruneberg, Stephen L. _xEditor |
||
| 710 |
_aSouth Bank University _9492 |
||
| 942 | _n0 | ||
| 948 | _c04/03/1997 | ||
| 999 |
_c90360 _d90360 |
||